<?xml version="1.0" encoding="UTF-8"?>
<record
    xmlns:xsi="http://www.w3.org/2001/XMLSchema-instance"
    xsi:schemaLocation="http://www.loc.gov/MARC21/slim http://www.loc.gov/standards/marcxml/schema/MARC21slim.xsd"
    xmlns="http://www.loc.gov/MARC21/slim">

  <leader>00650    a2200205   4500</leader>
  <controlfield tag="001">115226</controlfield>
  <datafield tag="020" ind1=" " ind2=" ">
    <subfield code="a">9788502618497</subfield>
  </datafield>
  <datafield tag="041" ind1=" " ind2=" ">
    <subfield code="a">por</subfield>
  </datafield>
  <datafield tag="082" ind1=" " ind2=" ">
    <subfield code="a">469</subfield>
  </datafield>
  <datafield tag="250" ind1=" " ind2=" ">
    <subfield code="a">. ed.</subfield>
  </datafield>
  <datafield tag="697" ind1=" " ind2=" ">
    <subfield code="a">Dicion&#xE1;rio - L&#xED;ngua portuguesa.</subfield>
  </datafield>
  <datafield tag="697" ind1=" " ind2=" ">
    <subfield code="a">Dicion&#xE1;rio ilustrado</subfield>
  </datafield>
  <datafield tag="700" ind1=" " ind2=" ">
    <subfield code="a">Meu primeiro dicion&#xE1;rio Saraiva da l&#xED;ngua portuguesa ilustrado.</subfield>
  </datafield>
  <datafield tag="856" ind1=" " ind2=" ">
    <subfield code="u">000033/000033a0.jpeg</subfield>
  </datafield>
  <datafield tag="040" ind1=" " ind2=" ">
    <subfield code="a">BR-BrIDEA</subfield>
    <subfield code="c">BR-BrIDEA</subfield>
  </datafield>
  <datafield tag="090" ind1=" " ind2=" ">
    <subfield code="a">AP R 469</subfield>
    <subfield code="b">MEU</subfield>
  </datafield>
  <datafield tag="245" ind1="1" ind2="0">
    <subfield code="a">Meu primeiro dicion&#xE1;rio Saraiva da l&#xED;ngua portuguesa ilustrado</subfield>
    <subfield code="c">Meu primeiro dicion&#xE1;rio Saraiva da l&#xED;ngua portuguesa ilustrado</subfield>
  </datafield>
  <datafield tag="260" ind1=" " ind2=" ">
    <subfield code="a">S&#xE3;o Paulo</subfield>
    <subfield code="b">Saraiva</subfield>
    <subfield code="c">2015</subfield>
  </datafield>
  <datafield tag="942" ind1=" " ind2=" ">
    <subfield code="c">BK</subfield>
  </datafield>
  <datafield tag="952" ind1=" " ind2=" ">
    <subfield code="0">0</subfield>
    <subfield code="1">0</subfield>
    <subfield code="2">ddc</subfield>
    <subfield code="4">0</subfield>
    <subfield code="7">0</subfield>
    <subfield code="a">12.28</subfield>
    <subfield code="b">12.28</subfield>
    <subfield code="d">2018-01-23</subfield>
    <subfield code="l">0</subfield>
    <subfield code="o">P R 469</subfield>
    <subfield code="p">00033102SSW</subfield>
    <subfield code="r">2024-01-23 14:55:44</subfield>
    <subfield code="w">2024-01-23</subfield>
    <subfield code="y">BK</subfield>
  </datafield>
  <datafield tag="952" ind1=" " ind2=" ">
    <subfield code="0">0</subfield>
    <subfield code="1">0</subfield>
    <subfield code="2">ddc</subfield>
    <subfield code="4">0</subfield>
    <subfield code="7">0</subfield>
    <subfield code="a">12.28</subfield>
    <subfield code="b">12.28</subfield>
    <subfield code="d">2018-01-23</subfield>
    <subfield code="l">0</subfield>
    <subfield code="o">P R 469</subfield>
    <subfield code="p">00033105SSW</subfield>
    <subfield code="r">2024-01-23 14:55:44</subfield>
    <subfield code="w">2024-01-23</subfield>
    <subfield code="y">BK</subfield>
  </datafield>
  <datafield tag="952" ind1=" " ind2=" ">
    <subfield code="0">0</subfield>
    <subfield code="1">0</subfield>
    <subfield code="2">ddc</subfield>
    <subfield code="4">0</subfield>
    <subfield code="7">0</subfield>
    <subfield code="a">12.27</subfield>
    <subfield code="b">12.27</subfield>
    <subfield code="d">2018-01-23</subfield>
    <subfield code="l">0</subfield>
    <subfield code="o">A R 469 MEU</subfield>
    <subfield code="p">00033100AGC</subfield>
    <subfield code="r">2024-01-23 14:55:44</subfield>
    <subfield code="w">2024-01-23</subfield>
    <subfield code="y">TXB</subfield>
  </datafield>
  <datafield tag="952" ind1=" " ind2=" ">
    <subfield code="0">0</subfield>
    <subfield code="1">0</subfield>
    <subfield code="2">ddc</subfield>
    <subfield code="4">0</subfield>
    <subfield code="7">0</subfield>
    <subfield code="a">12.28</subfield>
    <subfield code="b">12.28</subfield>
    <subfield code="d">2018-02-22</subfield>
    <subfield code="l">0</subfield>
    <subfield code="o">P R 469</subfield>
    <subfield code="p">00035029SSW</subfield>
    <subfield code="r">2024-01-23 14:55:44</subfield>
    <subfield code="w">2024-01-23</subfield>
    <subfield code="y">TXB</subfield>
  </datafield>
  <datafield tag="952" ind1=" " ind2=" ">
    <subfield code="0">0</subfield>
    <subfield code="1">0</subfield>
    <subfield code="2">ddc</subfield>
    <subfield code="4">0</subfield>
    <subfield code="7">0</subfield>
    <subfield code="a">12.27</subfield>
    <subfield code="b">12.27</subfield>
    <subfield code="d">2018-02-22</subfield>
    <subfield code="l">0</subfield>
    <subfield code="o">A R 469 MEU</subfield>
    <subfield code="p">00035027AGC</subfield>
    <subfield code="r">2024-01-23 14:55:44</subfield>
    <subfield code="w">2024-01-23</subfield>
    <subfield code="y">TXB</subfield>
  </datafield>
  <datafield tag="952" ind1=" " ind2=" ">
    <subfield code="0">0</subfield>
    <subfield code="1">0</subfield>
    <subfield code="2">ddc</subfield>
    <subfield code="4">0</subfield>
    <subfield code="7">0</subfield>
    <subfield code="a">12.28</subfield>
    <subfield code="b">12.28</subfield>
    <subfield code="d">2018-01-23</subfield>
    <subfield code="l">0</subfield>
    <subfield code="o">P R 469</subfield>
    <subfield code="p">00033104SSW</subfield>
    <subfield code="r">2024-01-23 14:55:44</subfield>
    <subfield code="w">2024-01-23</subfield>
    <subfield code="y">BK</subfield>
  </datafield>
  <datafield tag="952" ind1=" " ind2=" ">
    <subfield code="0">0</subfield>
    <subfield code="1">0</subfield>
    <subfield code="2">ddc</subfield>
    <subfield code="4">0</subfield>
    <subfield code="7">0</subfield>
    <subfield code="a">12.27</subfield>
    <subfield code="b">12.27</subfield>
    <subfield code="d">2018-01-23</subfield>
    <subfield code="l">0</subfield>
    <subfield code="o">A R 469 MEU</subfield>
    <subfield code="p">00033097AGC</subfield>
    <subfield code="r">2024-01-23 14:55:44</subfield>
    <subfield code="w">2024-01-23</subfield>
    <subfield code="y">TXB</subfield>
  </datafield>
  <datafield tag="952" ind1=" " ind2=" ">
    <subfield code="0">0</subfield>
    <subfield code="1">0</subfield>
    <subfield code="2">ddc</subfield>
    <subfield code="4">0</subfield>
    <subfield code="7">0</subfield>
    <subfield code="a">12.28</subfield>
    <subfield code="b">12.28</subfield>
    <subfield code="d">2018-02-22</subfield>
    <subfield code="l">0</subfield>
    <subfield code="o">P R 469</subfield>
    <subfield code="p">00035031SSW</subfield>
    <subfield code="r">2024-01-23 14:55:44</subfield>
    <subfield code="w">2024-01-23</subfield>
    <subfield code="y">TXB</subfield>
  </datafield>
  <datafield tag="952" ind1=" " ind2=" ">
    <subfield code="0">0</subfield>
    <subfield code="1">0</subfield>
    <subfield code="2">ddc</subfield>
    <subfield code="4">0</subfield>
    <subfield code="7">0</subfield>
    <subfield code="a">12.28</subfield>
    <subfield code="b">12.28</subfield>
    <subfield code="d">2018-02-22</subfield>
    <subfield code="l">0</subfield>
    <subfield code="o">P R 469</subfield>
    <subfield code="p">00035030SSW</subfield>
    <subfield code="r">2024-01-23 14:55:44</subfield>
    <subfield code="w">2024-01-23</subfield>
    <subfield code="y">TXB</subfield>
  </datafield>
  <datafield tag="952" ind1=" " ind2=" ">
    <subfield code="0">0</subfield>
    <subfield code="1">0</subfield>
    <subfield code="2">ddc</subfield>
    <subfield code="4">0</subfield>
    <subfield code="7">0</subfield>
    <subfield code="a">12.27</subfield>
    <subfield code="b">12.27</subfield>
    <subfield code="d">2018-02-22</subfield>
    <subfield code="l">0</subfield>
    <subfield code="o">A R 469 MEU</subfield>
    <subfield code="p">00035028AGC</subfield>
    <subfield code="r">2024-01-23 14:55:44</subfield>
    <subfield code="w">2024-01-23</subfield>
    <subfield code="y">TXB</subfield>
  </datafield>
  <datafield tag="952" ind1=" " ind2=" ">
    <subfield code="0">0</subfield>
    <subfield code="1">0</subfield>
    <subfield code="2">ddc</subfield>
    <subfield code="4">0</subfield>
    <subfield code="7">0</subfield>
    <subfield code="a">12.28</subfield>
    <subfield code="b">12.28</subfield>
    <subfield code="d">2018-01-23</subfield>
    <subfield code="l">0</subfield>
    <subfield code="o">P R 469</subfield>
    <subfield code="p">00033103SSW</subfield>
    <subfield code="r">2024-01-23 14:55:44</subfield>
    <subfield code="w">2024-01-23</subfield>
    <subfield code="y">BK</subfield>
  </datafield>
  <datafield tag="952" ind1=" " ind2=" ">
    <subfield code="0">0</subfield>
    <subfield code="1">0</subfield>
    <subfield code="2">ddc</subfield>
    <subfield code="4">0</subfield>
    <subfield code="7">0</subfield>
    <subfield code="a">12.27</subfield>
    <subfield code="b">12.27</subfield>
    <subfield code="d">2018-01-23</subfield>
    <subfield code="l">0</subfield>
    <subfield code="o">A R 469 MEU</subfield>
    <subfield code="p">00033098AGC</subfield>
    <subfield code="r">2024-01-23 14:55:44</subfield>
    <subfield code="w">2024-01-23</subfield>
    <subfield code="y">TXB</subfield>
  </datafield>
  <datafield tag="952" ind1=" " ind2=" ">
    <subfield code="0">0</subfield>
    <subfield code="1">0</subfield>
    <subfield code="2">ddc</subfield>
    <subfield code="4">0</subfield>
    <subfield code="7">0</subfield>
    <subfield code="a">12.27</subfield>
    <subfield code="b">12.27</subfield>
    <subfield code="d">2018-01-23</subfield>
    <subfield code="l">0</subfield>
    <subfield code="o">A R 469 MEU</subfield>
    <subfield code="p">00033101AGC</subfield>
    <subfield code="r">2024-01-23 14:55:44</subfield>
    <subfield code="w">2024-01-23</subfield>
    <subfield code="y">TXB</subfield>
  </datafield>
  <datafield tag="952" ind1=" " ind2=" ">
    <subfield code="0">0</subfield>
    <subfield code="1">0</subfield>
    <subfield code="2">ddc</subfield>
    <subfield code="4">0</subfield>
    <subfield code="7">0</subfield>
    <subfield code="a">12.28</subfield>
    <subfield code="b">12.28</subfield>
    <subfield code="d">2018-01-23</subfield>
    <subfield code="l">0</subfield>
    <subfield code="o">P R 469</subfield>
    <subfield code="p">00033106SSW</subfield>
    <subfield code="r">2024-01-23 14:55:44</subfield>
    <subfield code="w">2024-01-23</subfield>
    <subfield code="y">BK</subfield>
  </datafield>
  <datafield tag="952" ind1=" " ind2=" ">
    <subfield code="0">0</subfield>
    <subfield code="1">0</subfield>
    <subfield code="2">ddc</subfield>
    <subfield code="4">0</subfield>
    <subfield code="7">0</subfield>
    <subfield code="a">12.27</subfield>
    <subfield code="b">12.27</subfield>
    <subfield code="d">2018-01-23</subfield>
    <subfield code="l">0</subfield>
    <subfield code="o">A R 469 MEU</subfield>
    <subfield code="p">00033099AGC</subfield>
    <subfield code="r">2024-01-23 14:55:44</subfield>
    <subfield code="w">2024-01-23</subfield>
    <subfield code="y">TXB</subfield>
  </datafield>
  <datafield tag="952" ind1=" " ind2=" ">
    <subfield code="0">0</subfield>
    <subfield code="1">0</subfield>
    <subfield code="2">ddc</subfield>
    <subfield code="4">0</subfield>
    <subfield code="7">0</subfield>
    <subfield code="a">12.27</subfield>
    <subfield code="b">12.27</subfield>
    <subfield code="d">2017-12-18</subfield>
    <subfield code="l">0</subfield>
    <subfield code="o">A R 469 MEU</subfield>
    <subfield code="p">00031642AGC</subfield>
    <subfield code="r">2024-01-23 14:55:44</subfield>
    <subfield code="w">2024-01-23</subfield>
    <subfield code="y">TXB</subfield>
  </datafield>
  <datafield tag="999" ind1=" " ind2=" ">
    <subfield code="c">115226</subfield>
    <subfield code="d">115226</subfield>
  </datafield>
</record>
